|
|
|
|
| LEADER |
00000cas a2200000 a 4500 |
| 001 |
vtls001196632 |
| 003 |
SK-MaSNL |
| 005 |
20260425194205.0 |
| 008 |
240129u198u199uxo uu 0 0 0slo |
| 035 |
|
|
|a SNK000139701
|
| 040 |
|
|
|a SNK
|b slo
|c SNK
|e AACR2
|
| 041 |
0 |
|
|a slo
|
| 043 |
|
|
|a e-xo---
|
| 044 |
|
|
|a xo
|c SK
|
| 072 |
|
7 |
|a 050
|x Seriálové publikácie. Periodiká
|2 konspekt
|
| 072 |
|
7 |
|a 371
|x Školstvo (organizácia)
|2 konspekt
|
| 072 |
|
7 |
|a 376
|x Výchova a vzdelávanie zvláštnych skupín osôb
|2 konspekt
|
| 072 |
|
7 |
|a 37
|x Výchova a vzdelávanie
|2 konspekt
|
| 080 |
|
|
|a 050
|2 2011
|
| 080 |
|
|
|a (437.6)
|2 2011
|
| 080 |
|
|
|a (059)
|2 2011
|
| 080 |
|
|
|a 351.85
|2 2011
|
| 080 |
|
|
|a 37.091
|2 2011
|
| 080 |
|
|
|a 37.01/.09
|2 2011
|
| 245 |
0 |
0 |
|a Kalendár významných podujatí v oblasti školstvo, výchova a vzdelávanie v SSR v roku ...
|
| 246 |
1 |
4 |
|a Kalendár významných podujatí v oblasti školstva, výchovy a vzdelávania v SSR v roku ...
|
| 260 |
|
|
|a Bratislava
|b Slovenská pedagogická knižnica
|b Ústav školských informácií
|
| 300 |
|
|
|a zv.
|c 20 cm
|
| 500 |
|
|
|a Popis podľa: R. 1988
|
| 500 |
|
|
|a Súčasťou názvu je označenie bežného roku
|
| 650 |
0 |
7 |
|a školstvo
|2 SNKPH
|9 19712
|
| 650 |
0 |
7 |
|a výchova a vzdelávanie
|2 SNKPH
|9 1684
|
| 651 |
|
7 |
|a Slovensko
|2 SNKPHgeo
|9 14231
|
| 655 |
|
7 |
|a informačné publikácie
|2 SNKPH
|9 70181
|
| 655 |
|
7 |
|a kalendáre
|2 SNKPH
|9 70450
|
| 910 |
|
|
|a snk
|
| 958 |
|
|
|a TL
|
| 999 |
|
|
|c 6472
|d 8402
|
| 952 |
|
|
|a SNK
|b SNK
|y PREZ
|7 0
|p 17A1522248
|o snkČSD 1426/1988
|i snk2024/1418
|8 1
|0 0
|1 0
|4 0
|d 2024-01-25
|l 0
|r 2026-02-21 19:51:57
|w 2026-02-21
|